|
|
แสดงรายละเอียดบรรณานุกรม |
|
|
Brief Record
: Get Marc (ISO 2709)
: E-mail record
: |
|
|
| LEADER 00000nama 2200000uu 4500 | |||
| 008 040531s|||| th m m a000 0 tha d | |||
| 020 978-974-499-035-8 | |||
| 041 tha | |||
| 050 อ QK 364 พ266ต 2553. | |||
| 245 84 พรรณไม้ถวายในหลวง โครงการปลูกป่าถาวรเฉลิมพระเกียรติฯ. | |||
| 260 กรุงเทพฯ. บริษัท กสท โทรคมนาคม. 2553. | |||
| 300 215 หน้า. | |||
| 600 1.อรนุช ทาบทอง,บรรณาธิการ. 2.กรมป่าไม้ กระทรวงทรัพยากรธรรมชาติและสิ่งแวดล้อม. | |||
| 650 1.ไทย - - พรรณไม้. 2.พรรณไม้ 4 ภาค. 3.ต้นไม้ - - ไทย - - บัญชีรายชื่อ. | |||
| 995 002 | |||
| คุณยังไม่ได้ล็อกอิน คุณสามารถมีกิจกรรมร่วมกับเว็บไซต์ได้ แต่ต้องล็อกอินก่อน :: |
|
| สถานะ | |||||||||
| 1. | หนังสือทั่วไป | อ QK 364 พ266ต 2553. | On Shelf ขอยืม | ||||||
| [แสดง 1/1 รายการ] | |||||||||
BibComment |
| คอมเมนท์ทรัพยากรรายการนี้ |
|
|